Передовой научно-технический и производственный опыт. 1962, №П-62-3: Прибор для измерения внутреннего трения (Запись № 3715719)

Подробности
000 -МАРКЕР
контрольное поле 02068nam2a22002891 4500
001 - ИДЕНТИФИКАТОР ЗАПИСИ
контрольное поле RU\NLR\INFOCOMM29\5000124182
005 - ИДЕНТИФИКАТОР ВЕРСИИ
контрольное поле 20250617133132.0
035 ## - ДРУГИЕ СИСТЕМНЫЕ НОМЕРА
Идентификатор записи (NLR Aleph) 002632734
100 ## - ДАННЫЕ ОБЩЕЙ ОБРАБОТКИ
Данные общей обработки 20050215d1962 |||y0rusy50 ca
101 0# - ЯЗЫК РЕСУРСА
Язык текста, звукозаписи и т.д. русский
102 ## - СТРАНА ПУБЛИКАЦИИ ИЛИ ПРОИЗВОДСТВА
Страна публикации Российская Федерация
105 ## - ПОЛЕ КОДИРОВАННЫХ ДАННЫХ: ТЕКСТОВЫЕ МАТЕРИАЛЫ, МОНОГРАФИЧЕСКИЕ
Кодированные данные о монографическом текстовом документе y ||||000|y
200 1# - ЗАГЛАВИЕ И СВЕДЕНИЯ ОБ ОТВЕТСТВЕННОСТИ
Основное заглавие Прибор для измерения внутреннего трения
Первые сведения об ответственности Ю.В. Пигузов, Р. Раттке
210 ## - ПУБЛИКАЦИЯ, РАСПРОСТРАНЕНИЕ И ДР.
Дата издания, распространения и т.д. 1962
Место издания, распространения и т.д. Б. м.
225 1# - СЕРИЯ
Основное заглавие серии Тема 32. Приборы для исследования физико-механических свойств и структуры материалов
Обозначение тома Вып.2
423 #0 - ИЗДАЕТСЯ В ОДНОЙ ОБЛОЖКЕ ВМЕСТЕ С ...
Встроенное поле 2001#$aУстановка УП-3 для определения модуля Юнга в диапазоне температур 20-2000°С$fВ.А. Кузьменко, Ю.А. Кашталян
-- 700#1$aКузьменко$bВ.А.
-- 701#1$aКашталян$bЮ.А.
Заглавие Установка УП-3 для определения модуля Юнга в диапазоне температур 20-2000°С
Автор Кузьменко, В.А.
461 #0 - УРОВЕНЬ НАБОРА
Встроенное поле 001RU\NLR\INFOCOMM29\5000122211
-- 2001#$aПередовой научно-технический и производственный опыт$iПриборы для научных исследований$fГос. Науч.-техн. ком. Совета министров РСФСР. Центр. ин-т техн. экон. информации$v1962, №П-62-3
Системный номер (АБИС) связанной записи 3998407
Место публикации М.
Дата публикации 1958-
Первые сведения об ответственности Гос. Науч.-техн. ком. Совета министров РСФСР. Центр. ин-т техн. экон. информации
Заглавие части Приборы для научных исследований
Заглавие Передовой научно-технический и производственный опыт
Номер тома 1962, №П-62-3
700 #1 - ИМЯ ЛИЦА - ПЕРВИЧНАЯ ОТВЕТСТВЕННОСТЬ
Начальный элемент ввода Пигузов
Часть имени, кроме начального элемента ввода Ю.В.
Код отношения Автор
701 #1 - ИМЯ ЛИЦА - АЛЬТЕРНАТИВНАЯ ОТВЕТСТВЕННОСТЬ
Начальный элемент ввода Раттке
Часть имени, кроме начального элемента ввода Р.
Код отношения Автор
801 #1 - ИСТОЧНИК ЗАПИСИ
Страна Российская Федерация
Организация InfoComm
Дата составления 20050217
801 #0 - ИСТОЧНИК ЗАПИСИ
Страна Российская Федерация
Организация NLR
Правила каталогизации PSBO
852 ## - МЕСТОНАХОЖДЕНИЕ И ШИФР ХРАНЕНИЯ
Идентификатор организации NLR
Шифр хранения (Call Number) П11/1555
942 ## - ДОПОЛНИТЕЛЬНЫЕ ЭЛЕМЕНТЫ ЗАПИСИ (АБИС)
Тип экземпляра АБИС Выпуск
980 ## - КОЛЛЕКЦИЯ
Название коллекции Национальная библиография
980 ## - КОЛЛЕКЦИЯ
Название коллекции Русская периодика

Нет доступных экземпляров.